| 000 | 00611nam a2200181 a 4500 | ||
|---|---|---|---|
| 001 | 000023715 | ||
| 005 | 20200930022418.0 | ||
| 008 | 101221s2000 mx 000 0 spa d | ||
| 040 |
_aDO-SdBNP _bspa _cBNPHU |
||
| 082 |
_annnn _bD878a |
||
| 100 | 1 |
_aDulanto Gutiérrez, Enrique _948836 |
|
| 245 | 1 | 3 |
_aEl adolescente / _cEnrique Dulanto Gutiérrez. |
| 260 |
_aMéxico : _bAsociación Mexicana de Pediatria _bmcgraw-hill, Interamericana, _c2000. |
||
| 300 |
_axxxii, 1373 p. : _bil. ; _c29 cm. |
||
| 500 | _aIncluye índice | ||
| 590 | _aInventariado, 2019 /LP | ||
| 710 | 2 |
_aAsociación Mexicana de Pediatria _948837 |
|
| 999 |
_c23211 _d23211 |
||